000
00199 a2200097 4500
001
16795
100
_a
Carland, B
245
_a
Punished with love
260
_a
_b
Pan books
_c
090
_c
12660
_d
12660
942
_a
NUST-CAE
_c
M
_c
2959
999
_c
251868
_d
251868